| 000 | 00602cab a2200217 4500 | ||
|---|---|---|---|
| 001 | WB3311-14 | ||
| 008 | 090401t1997 xxu||||| |||| 00| 0 eng d | ||
| 035 | _a(Sirsi) u77034 | ||
| 041 | _aeng | ||
| 245 | _aLittlewoods` saga | ||
| 260 | _c1997 | ||
| 350 | _a0 | ||
| 490 |
_aObserver _vBusiness 9 March 1997, 8(2) |
||
| 520 | _aDetails the history of Littlewoods stores, its plans to sell, and the prospective buyers. | ||
| 650 | _aLITTLEWOODS | ||
| 650 | _aRETAILING | ||
| 650 |
_aSales _96269 |
||
| 690 | _aPROPERTY-COMMERCIAL PROPERTY-RETAIL PROPERTY | ||
| 942 | _n0 | ||
| 948 | _c11/03/1997 | ||
| 999 |
_c48404 _d48404 |
||